El control como guía de la gestión empresarial / (Record no. 177680)

MARC details
000 -LEADER
campo de control de longitud fija 00831nam a2200253 i 4500
001 - NÚMERO DE CONTROL
campo de control 177680
003 - IDENTIFICADOR DE NÚMERO DE CONTROL
campo de control ES-MaACL
005 - FECHA Y HORA DE LA ÚLTIMA TRANSACCIÓN
campo de control 20250902070716.0
008 - DATOS DE LONGITUD FIJA--INFORMACIÓN GENERAL
campo de control de longitud fija 110412s1985 sp ||||1| spa d
020 ## - NÚMERO INTERNACIONAL ESTÁNDAR DEL LIBRO
Número Internacional Estándar del Libro 84-505-1824-5
080 ## - NÚMERO DE LA CLASIFICACIÓN DECIMAL UNIVERSAL
Número de la Clasificación Decimal Universal 658.5/.56
100 1# - ENTRADA PRINCIPAL--NOMBRE DE PERSONA
Nombre de persona Blanco Illescas, Francisco.
9 (RLIN) 29267
245 13 - MENCIÓN DEL TÍTULO
Título El control como guía de la gestión empresarial /
Mención de responsabilidad, etc. Francisco Blanco Illescas.
260 ## - PUBLICACIÓN, DISTRIBUCIÓN, ETC.
Lugar de publicación, distribución, etc. Madrid :
Nombre del editor, distribuidor, etc. Instituto de la Pequeña y Mediana Empresa Industrial,
Fecha de publicación, distribución, etc. D. L. 1985.
300 ## - DESCRIPCIÓN FÍSICA
Extensión 79 p. ;
Dimensiones 21 cm.
490 1# - MENCIÓN DE SERIE
Mención de serie Manuales IMPI ;
Designación de volumen o secuencia 10
500 ## - NOTA GENERAL
Nota general Índice.
504 ## - NOTA DE BIBLIOGRAFÍA, ETC.
Nota de bibliografía, etc. Bibliografía: p. 78.
650 #7 - PUNTO DE ACCESO ADICIONAL DE MATERIA--TÉRMINO DE MATERIA
Término de materia o nombre geográfico como elemento de entrada Gestión de empresas
Fuente del encabezamiento o término embne
9 (RLIN) 12210
650 #4 - PUNTO DE ACCESO ADICIONAL DE MATERIA--TÉRMINO DE MATERIA
Término de materia o nombre geográfico como elemento de entrada Control de gestión.
9 (RLIN) 146119
830 1# - PUNTO DE ACCESO ADICIONAL DE SERIE-TÍTULO UNIFORME
Título uniforme Manuales IMPI ;
Designación de volumen o secuencia 10
9 (RLIN) 190542
852 4# - LOCALIZACIÓN
Ubicación ES-MaACL
Número de control de estantería E-14877
Encuadernación Olim P-518
Holdings
Estatus retirado Estado de pérdida Estado de daño No para préstamo Biblioteca de origen Biblioteca actual Ubicación en estantería Fecha de adquisición Fuente de adquisición Total de préstamos Signatura topográfica completa Código de barras Visto por última vez Precio de reemplazo Tipo de ítem Koha
        Biblioteca del Ateneo de Madrid Biblioteca del Ateneo de Madrid Depósito 2 12/04/2011     E-14877 1186630 23/02/2023 23/02/2023 Libro impreso